New age leadership : an open minded approach for the new generation (Record no. 274051)

MARC details
000 -LEADER
fixed length control field 00426nam a2200157Ia 4500
005 - DATE AND TIME OF LATEST TRANSACTION
control field 20240703153648.0
008 - FIXED-LENGTH DATA ELEMENTS--GENERAL INFORMATION
fixed length control field 240126s9999 xx 000 0 und d
020 ## - INTERNATIONAL STANDARD BOOK NUMBER
International Standard Book Number 9788184955767
082 ## - DEWEY DECIMAL CLASSIFICATION NUMBER
Classification number 301.15 BAX;1 R
100 ## - MAIN ENTRY--PERSONAL NAME
Personal name Baxi, Mahesh.
245 #0 - TITLE STATEMENT
Title New age leadership : an open minded approach for the new generation
260 ## - PUBLICATION, DISTRIBUTION, ETC. (IMPRINT)
Name of publisher, distributor, etc. Jaico Publishing
Place of publication, distribution, etc. Mumbai
Date of publication, distribution, etc. 2014
300 ## - PHYSICAL DESCRIPTION
Extent vi,197
440 ## - SERIES STATEMENT/ADDED ENTRY--TITLE
Title NULL
942 ## - ADDED ENTRY ELEMENTS (KOHA)
Koha item type PESU Books
Holdings
Date last seen Total Checkouts Full call number Accession number Old discount Volume/Issue Number Cost, replacement price Price effective from Category Lost status Damaged status Department Withdrawn status bill no. Permanent Location Current Location Shelving location Entry date Vendor Cost, normal purchase price Grants Currency symbol Conversion rate Discount Discount type
26/01/2024   301.15 BAX;1 R PU2692 20 (06/07/1905) 200.00 26/01/2024 PESU Books     Central Library   939 Central Library Central Library Central Library 22/12/2014 Sreenivasan K V 250.00 GEN RS 1 50 Rupees

© For any Suggestions or Query, please contact the library staff @ librarian@pes.edu or Phone: +9180 2672 1983/ 2108.